000 00794cab a2200289 4500
001 ABS60421
008 090401t1999 xxu||||| |||| 00| 0 eng d
035 _a(Sirsi) u92994
041 _aeng
100 _aAlex, A.P.
245 _aPreliminary cost estimation of highway construction using neural networks
260 _c1999
350 _a0
490 _aCost Engineering
_v41 (3) March 1999, 19-24(6)
650 _aCASE-BASED REASONING
650 _aCONSTRUCTION PROJECTS
650 _aCOST ENGINEERING
650 _aHIGHWAYS
650 _aNEURAL NETWORKS
650 _aPRELIMINARY COST ESTIMATES
650 _aROAD CONSTRUCTION
690 _aBUILT ENVIRONMENT-BUILDING COSTS
700 _aAl-Tabtabai, H.
700 _aTantash, M.
942 _n0
948 _c27/04/1999
999 _c58936
_d58936